ბათუმის შოთა რუსთაველის სახელმწიფო უნივერსიტეტის ბიბლიოთეკა

A course in homological algebra / (ბიბ.ჩანაწერი № 58735)

000 -LEADER
fixed length control field 01311cam a2200313 a 4500
001 - CONTROL NUMBER
control field 1634929
005 - DATE AND TIME OF LATEST TRANSACTION
control field 20221104140819.0
008 - FIXED-LENGTH DATA ELEMENTS--GENERAL INFORMATION
fixed length control field 960515s1997 nyua b 001 0 eng
010 ## - LIBRARY OF CONGRESS CONTROL NUMBER
LC control number 96024224
020 ## - INTERNATIONAL STANDARD BOOK NUMBER
International Standard Book Number 0387948236 (New York : hard : acidfree paper)
040 ## - CATALOGING SOURCE
Original cataloging agency DLC
Transcribing agency DLC
Modifying agency DLC
050 00 - LIBRARY OF CONGRESS CALL NUMBER
Classification number QA169
Item number .H55 1997
080 ## - UNIVERSAL DECIMAL CLASSIFICATION NUMBER
Universal Decimal Classification number 512 H-66
100 1# - MAIN ENTRY--PERSONAL NAME
Personal name Hilton, Peter,
Dates associated with a name 1923-2010.
9 (RLIN) 14358
245 12 - TITLE STATEMENT
Title A course in homological algebra /
Statement of responsibility, etc. P.J. Hilton, U. Stammbach.
250 ## - EDITION STATEMENT
Edition statement 2nd ed.
260 ## - PUBLICATION, DISTRIBUTION, ETC.
Place of publication, distribution, etc. New York :
Name of publisher, distributor, etc. Springer,
Date of publication, distribution, etc. c1997.
300 ## - PHYSICAL DESCRIPTION
Extent xii, 364 p. :
Other physical details ill. ;
Dimensions 24 cm.
440 #0 - SERIES STATEMENT/ADDED ENTRY--TITLE
Title Graduate texts in mathematics ;
Volume/sequential designation 4
9 (RLIN) 9001
504 ## - BIBLIOGRAPHY, ETC. NOTE
Bibliography, etc. note Includes bibliographical references (p. [357]-358) and index.
650 #0 - SUBJECT ADDED ENTRY--TOPICAL TERM
Topical term or geographic name entry element Algebra, Homological.
9 (RLIN) 14359
650 #0 - SUBJECT ADDED ENTRY--TOPICAL TERM
Topical term or geographic name entry element კურსი ჰომოლოგიური ალგებრაში
9 (RLIN) 14360
700 1# - ADDED ENTRY--PERSONAL NAME
Personal name Stammbach, Urs.
9 (RLIN) 14361
856 42 - ELECTRONIC LOCATION AND ACCESS
Materials specified Publisher description
Uniform Resource Identifier http://www.loc.gov/catdir/enhancements/fy0814/96024224-d.html
856 41 - ELECTRONIC LOCATION AND ACCESS
Materials specified Table of contents only
Uniform Resource Identifier http://www.loc.gov/catdir/enhancements/fy0814/96024224-t.html
906 ## - LOCAL DATA ELEMENT F, LDF (RLIN)
a 7
b cbc
c orignew
d 1
e ocip
f 19
g y-gencatlg
942 ## - ADDED ENTRY ELEMENTS (KOHA)
Source of classification or shelving scheme
Koha item type წიგნი
ეგზემპლარები
Withdrawn status Lost status Source of classification or shelving scheme Damaged status Not for loan Permanent Location Current Location Shelving location Date acquired Cost, normal purchase price Full call number Barcode Date last seen Copy number Price effective from Koha item type Public note
          ბათუმის შოთა რუსთაველის სახელმწიფო უნივერსიტეტის მთავარი ბიბლიოთეკა ბათუმის შოთა რუსთაველის სახელმწიფო უნივერსიტეტის მთავარი ბიბლიოთეკა წიგნსაცავი 2022-07-11 369.00 512 H-66 62971 2022-07-11 62971 2022-07-11 წიგნი 369 gel.